| Tag |
First Indicator |
Second Indicator |
Subfields |
| LEADER |
00000cam a2200000 a 4500 |
| 001 |
in00000088720 |
| 005 |
20151008065224.0 |
| 008 |
810324s1979 at ab b 00010 eng d |
| 020 |
|
|
|a 0908160291
|
| 035 |
|
|
|a (OCoLC)07258630
|
| 035 |
|
|
|9 AAK5568AM
|
| 040 |
|
|
|a HUH
|c HUH
|d TXA
|d UtOrBLW
|
| 043 |
|
|
|a a-pp---
|
| 049 |
|
|
|a TXAM
|c [1655399]
|
| 090 |
|
|
|a D767.95
|b .R64
|
| 100 |
1 |
|
|a Robinson, Neville K.
|
| 245 |
1 |
0 |
|a Villagers at war :
|b some Papua New Guinean experiences in World War II /
|c Neville K. Robinson.
|
| 264 |
|
1 |
|a Canberra :
|b Australian National University,
|c 1979.
|
| 300 |
|
|
|a xix, 223 pages :
|b illustrations, maps ;
|c 25 cm.
|
| 336 |
|
|
|a text
|b txt
|2 rdacontent
|
| 337 |
|
|
|a unmediated
|b n
|2 rdamedia
|
| 338 |
|
|
|a volume
|b nc
|2 rdacarrier
|
| 490 |
1 |
|
|a Pacific research monograph,
|x 0155-9060 ;
|v no. 2
|
| 504 |
|
|
|a Bibliography: pages 221-223.
|
| 650 |
|
0 |
|a World War, 1939-1945
|x Campaigns
|z New Guinea.
|
| 650 |
|
0 |
|a World War, 1939-1945
|z Papua New Guinea.
|
| 651 |
|
0 |
|a Papua New Guinea
|x History.
|
| 830 |
|
0 |
|a Pacific research monograph ;
|v no. 2.
|
| 999 |
|
|
|a MARS
|
| 999 |
f |
f |
|s fad3039b-abb0-3602-8ee4-e329c64f847c
|i 1c3e6602-9c2e-3efd-adb2-86a8657a1073
|t 0
|
| 952 |
f |
f |
|p noncirc
|a Texas A&M University
|b College Station
|c Cushing Memorial Library & Archives
|d Cushing: Ragan Military (Does not check out)
|t 0
|e D767.95 .R64
|h Library of Congress classification
|i unmediated -- volume
|m A14852649186
|
| 952 |
f |
f |
|p ric
|a Texas A&M University
|b Rellis Campus
|c Joint Library Facility
|d Remote Storage
|t 0
|e D767.95 .R64
|h Library of Congress classification
|i unmediated -- volume
|m A14806095220
|
| 998 |
f |
f |
|a D767.95 .R64
|t 0
|l Remote Storage
|
| 998 |
f |
f |
|a D767.95 .R64
|t 0
|l Cushing: Ragan Military (Does not check out)
|